000 00859nam a2200229Ia 4500
003 CO-CtgCURN
005 20250410211506.0
008 190722s9999 xx 000 0 und d
020 _a9586167410
040 _aCO-CtgCURN
_bspa
_ccoctgcurn
082 _a342.861
_bM912n
100 _aMosquera, Jose Rafael
245 0 _aNociones de derecho constitucional /
_cJose Rafael Mosquera, estudio introductorio de Carlos Restrepo Piedrahita
260 _aBogotá, Colombia :
_bUniversidad Externado de Colombia,
_c2003
300 _a182 páginas ;
_c18 centímetros
521 _aAREA PROFESIONAL
590 _aPrograma de Derecho_18
650 _aDerecho constitucional y administrativo
700 _aRestrepo Piedrahita, Carlos
942 _cBK
_h342.861
_iM912n
_2ddc
_n0
999 _c28531
_d28531